Country risk

Kultúrne a inštitucionálne riziká a ich faktory vzniku. Konštantná reevaluácia aktuálneho stavu rizikových faktorov. Verejná mienka a vnímanie rizika verejnosťou. Hlavné a dodatočné (nadväzujúce) rizikové elementy.

Na minha lista:
Detalhes bibliográficos
Autor principal: Hocman, František, 1983-
Formato: Capítulo de Livro
Idioma:inglês
Assuntos:
Tags: Adicionar Tag
Sem tags, seja o primeiro a adicionar uma tag!

MARC

LEADER 00000nla a2200000 4500
001 0184195
005 20240502073146.1
041 0 |a eng 
044 |a SK 
245 1 0 |a Country risk  |c František Hocman 
520 |a Kultúrne a inštitucionálne riziká a ich faktory vzniku. Konštantná reevaluácia aktuálneho stavu rizikových faktorov. Verejná mienka a vnímanie rizika verejnosťou. Hlavné a dodatočné (nadväzujúce) rizikové elementy. 
610 2 0 |a riziko 
610 2 0 |a manažment 
610 2 0 |a riadenie rizík 
610 2 0 |a mienka verejná 
610 2 0 |a rozhodovanie strategické 
610 2 0 |a dôsledky sociálne 
100 1 |a Hocman, František, 1983-